[Event "Swiss Queens Wed #9"]
[Site "FIDE Online Arena INT"]
[Date "2024.03.27"]
[Round "3"]
[White "Aishwarya, N."]
[Black "Nguyen, Thanh Thuy Tien"]
[Result "0-1"]
[WhiteElo "1482"]
[BlackElo "2069"]
[PlyCount "50"]
[EventDate "2024.03.27"]
[EventType "swiss (blitz)"]
[EventRounds "11"]
[EventCountry "NET"]
[SourceTitle "CB14_2024"]
[SourceDate "2024.04.01"]
[SourceVersion "1"]
[SourceVersionDate "2024.04.01"]
[SourceQuality "1"]

1. d4 d5 2. c4 dxc4 3. Nf3 Nf6 4. Nc3 a6 5. e4 b5 6. a4 b4 7. Na2 Nxe4 8. Bxc4 e6 9. 0-0 Be7 10. Be3 Bb7 11. Nd2 0-0 12. Qc2 Nxd2 13. Bxd2 a5 14. b3 Qxd4 15. Rad1 Qh4 16. h3 Nc6 17. Nc1 Nd4 18. Qd3 Rad8 19. Qg3 Qf6 20. Ne2 Bd6 21. Qg4 Nf5 22. Bg5 Qe5 23. f4 Qc5+ 24. Kh1 Ne3 25. Qf3 Bxf3 0-1

[Event "Swiss Queens Wed #9"]
[Site "FIDE Online Arena INT"]
[Date "2024.03.27"]
[Round "8"]
[White "Nguyen, Thanh Thuy Tien"]
[Black "Kanyamarala, Trisha"]
[Result "1/2-1/2"]
[WhiteElo "2069"]
[BlackElo "2294"]
[PlyCount "135"]
[EventDate "2024.03.27"]
[EventType "swiss (blitz)"]
[EventRounds "11"]
[EventCountry "NET"]
[SourceTitle "CB14_2024"]
[SourceDate "2024.04.01"]
[SourceVersion "1"]
[SourceVersionDate "2024.04.01"]
[SourceQuality "1"]

1. e4 c5 2. Nf3 d6 3. d4 cxd4 4. Nxd4 Nf6 5. Nc3 Nc6 6. Bg5 e6 7. Qd2 a6 8. 0-0-0 Bd7 9. f4 b5 10. Nxc6 Bxc6 11. e5 dxe5 12. Qxd8+ Rxd8 13. Rxd8+ Kxd8 14. fxe5 h6 15. Bh4 g5 16. Bf2 Nd7 17. h4 Rg8 18. hxg5 hxg5 19. Bg3 Bg7 20. a4 b4 21. Nd1 a5 22. Rh7 Bxe5 23. Bf2 Ke7 24. Ne3 Be4 25. Rh5 Nf6 26. Nc4 Nxh5 27. Nxe5 Rc8 28. Nc4 Nf4 29. g3 Nd5 30. Kd2 f5 31. c3 bxc3+ 32. bxc3 f4 33. gxf4 gxf4 34. Bh4+ Kf8 35. Nd6 Rxc3 36. Nxe4 Ra3 37. Nc5 Ra2+ 38. Kd3 Kf7 39. Bh3 Nc7 40. Bd8 Ra3+ 41. Ke4 Rxh3 42. Bxc7 Rc3 43. Bb6 f3 44. Nd7 Rc4+ 45. Kxf3 Rxa4 46. Nc5 Ra1 47. Ke4 a4 48. Kd3 a3 49. Nb3 Rb1 50. Kc2 a2 51. Bd4 Kg6 52. Bc3 Kf5 53. Nd4+ Ke4 54. Nb3 e5 55. Nc1 Kf5 56. Nxa2 Rh1 57. Nb4 Rh2+ 58. Kd3 e4+ 59. Ke3 Rh3+ 60. Kd2 Kg4 61. Nc6 Kf3 62. Nd4+ Kf4 63. Nc2 Rh2+ 64. Kd1 e3 65. Bd4 Rd2+ 66. Kc1 Rd3 67. Bxe3+ Rxe3 68. Nxe3 1/2-1/2

[Event "Swiss Queens Wed #8"]
[Site "FIDE Online Arena INT"]
[Date "2024.03.20"]
[Round "3"]
[White "Nguyen, Thanh Thuy Tien"]
[Black "Bashirli, Saadat"]
[Result "1/2-1/2"]
[WhiteElo "2069"]
[BlackElo "1803"]
[PlyCount "74"]
[EventDate "2024.03.20"]
[EventType "swiss (blitz)"]
[EventRounds "11"]
[EventCountry "NET"]
[SourceTitle "CB13_2024"]
[SourceDate "2024.03.27"]
[SourceVersion "1"]
[SourceVersionDate "2024.03.27"]
[SourceQuality "1"]

1. c4 e6 2. Nf3 d5 3. e3 Nf6 4. Nc3 c6 5. b3 Bd6 6. Bb2 0-0 7. Qc2 Re8 8. Ng5 h6 9. h4 Nbd7 10. cxd5 exd5 11. Nf3 Ne5 12. Be2 Bg4 13. Nxe5 Bxe5 14. f3 Bg3+ 15. Kf1 Bh5 16. Bd3 d4 17. Ne2 Bc7 18. Bxd4 Nd5 19. g4 Nb4 20. Qb1 Nxd3 21. Qxd3 Bg6 22. Qc3 f6 23. Kf2 Qd5 24. Rag1 Rad8 25. g5 Bh5 26. e4 Rxe4 27. fxe4 Qxe4 28. Qe3 Qf5+ 29. Ke1 Qb1+ 30. Kf2 Qf5+ 31. Kg2 Qg4+ 32. Kf1 Qf5+ 33. Qf2 Qb1+ 34. Kg2 Qe4+ 35. Kf1 Qb1+ 36. Kg2 Qe4+ 37. Kf1 Qb1+ 1/2-1/2

[Event "Swiss Queens Wed #8"]
[Site "FIDE Online Arena INT"]
[Date "2024.03.20"]
[Round "1"]
[White "Nguyen, Thanh Thuy Tien"]
[Black "Mira, Helene"]
[Result "1-0"]
[WhiteElo "2069"]
[BlackElo "2021"]
[PlyCount "55"]
[EventDate "2024.03.20"]
[EventType "swiss (blitz)"]
[EventRounds "11"]
[EventCountry "NET"]
[SourceTitle "CB13_2024"]
[SourceDate "2024.03.27"]
[SourceVersion "1"]
[SourceVersionDate "2024.03.27"]
[SourceQuality "1"]

1. Nf3 d5 2. e3 Bg4 3. c4 c6 4. cxd5 cxd5 5. Nc3 Nc6 6. Qb3 Bxf3 7. Qxb7 Qc8 8. Qxc8+ Rxc8 9. gxf3 d4 10. Ne4 e5 11. Bb5 Nf6 12. Nxf6+ gxf6 13. d3 Rg8 14. Bd2 Bd6 15. Rc1 Kd7 16. Ke2 Rc7 17. Rc2 Rb8 18. Ba4 Bb4 19. Rhc1 Bxd2 20. Kxd2 Rb6 21. b4 a6 22. a3 Kd6 23. exd4 exd4 24. Rc5 Rc8 25. R1c4 a5 26. b5 Ne5 27. Rxc8 Nxc4+ 28. dxc4 1-0

[Event "Swiss Queens Wed #8"]
[Site "FIDE Online Arena INT"]
[Date "2024.03.20"]
[Round "7"]
[White "Nguyen, Thanh Thuy Tien"]
[Black "Padmini, Rout"]
[Result "1-0"]
[WhiteElo "2069"]
[BlackElo "2353"]
[PlyCount "97"]
[EventDate "2024.03.20"]
[EventType "swiss (blitz)"]
[EventRounds "11"]
[EventCountry "NET"]
[SourceTitle "CB13_2024"]
[SourceDate "2024.03.27"]
[SourceVersion "1"]
[SourceVersionDate "2024.03.27"]
[SourceQuality "1"]

1. e4 c5 2. Nf3 Nc6 3. d4 cxd4 4. Nxd4 Nf6 5. Nc3 e5 6. Ndb5 d6 7. Bg5 a6 8. Na3 b5 9. Nd5 Be7 10. Bxf6 Bxf6 11. c3 0-0 12. Be2 Bg5 13. Nc2 Ne7 14. Nce3 Bxe3 15. Nxe3 Bb7 16. Bf3 f5 17. exf5 d5 18. 0-0 Kh8 19. c4 e4 20. Bg4 bxc4 21. Qd4 Rf6 22. Rad1 Qa5 23. Qe5 Qb4 24. a3 Qc5 25. Nxc4 Qxc4 26. Qxe7 Qb5 27. a4 Qb6 28. Rc1 Bc6 29. a5 Qxb2 30. Qc7 Be8 31. Rb1 Qa2 32. Rb7 Rf7 33. Qb6 Rxb7 34. Qxb7 Rd8 35. Qxa6 d4 36. f6 Qd5 37. fxg7+ Kxg7 38. Qa7+ Bf7 39. h4 Ra8 40. Qb6 Rxa5 41. h5 h6 42. Rd1 d3 43. Qb2+ Qe5 44. Qb6 Rd5 45. Qe3 Rd6 46. Bf3 Bd5 47. Rxd3 Re6 48. Ra3 exf3 49. Ra7+ 1-0

[Event "Swiss Queens Wed #8"]
[Site "FIDE Online Arena INT"]
[Date "2024.03.20"]
[Round "8"]
[White "Osmak, Iulija"]
[Black "Nguyen, Thanh Thuy Tien"]
[Result "1-0"]
[WhiteElo "2452"]
[BlackElo "2069"]
[PlyCount "63"]
[EventDate "2024.03.20"]
[EventType "swiss (blitz)"]
[EventRounds "11"]
[EventCountry "NET"]
[SourceTitle "CB13_2024"]
[SourceDate "2024.03.27"]
[SourceVersion "1"]
[SourceVersionDate "2024.03.27"]
[SourceQuality "1"]

1. e4 c5 2. Nf3 d6 3. Bb5+ Bd7 4. Bxd7+ Qxd7 5. c4 Nf6 6. Nc3 g6 7. d4 cxd4 8. Nxd4 Bg7 9. f3 Nc6 10. Be3 Rc8 11. Nxc6 bxc6 12. 0-0 0-0 13. Rc1 Qb7 14. b3 a5 15. Na4 Nd7 16. Qd2 Qb4 17. Rfd1 f5 18. exf5 Rxf5 19. Qf2 Ne5 20. Bd2 Qa3 21. Bxa5 Nd3 22. Qe3 Nxc1 23. Qe6+ Kh8 24. Qxc8+ Rf8 25. Qxc6 Nxa2 26. Qb7 Nc1 27. Qxe7 Qa1 28. Bc3 Ne2+ 29. Kf2 Nxc3 30. Rxa1 Bd4+ 31. Kf1 Rb8 32. Nxc3 1-0

[Event "VIE-ch (Women)"]
[Site "Hanoi"]
[Date "2024.03.16"]
[Round "9"]
[White "Le, Thai Nga"]
[Black "Nguyen, Thanh Thuy Tien"]
[Result "1-0"]
[WhiteElo "1900"]
[BlackElo "2069"]
[PlyCount "93"]
[EventDate "2024.03.11"]
[EventType "swiss"]
[EventRounds "9"]
[EventCountry "VIE"]
[SourceTitle "CB13_2024"]
[SourceDate "2024.03.27"]
[SourceVersion "1"]
[SourceVersionDate "2024.03.27"]
[SourceQuality "1"]

1. d4 Nf6 2. Nf3 g6 3. Nc3 d5 4. Bf4 Bg7 5. Nb5 Na6 6. e3 c6 7. Nc3 Nc7 8. h3 0-0 9. Be2 Nd7 10. Qd2 b5 11. 0-0 a5 12. a3 Ne6 13. Bh2 Bb7 14. Rfe1 Qb6 15. Rad1 Rfd8 16. b3 Rac8 17. Bf1 h6 18. Bg3 Nef8 19. Bd3 Nh7 20. Be2 Nhf6 21. Ne5 Nxe5 22. Bxe5 Ne8 23. Bxg7 Kxg7 24. Bf3 c5 25. Ne2 Nf6 26. Rb1 Ne4 27. Bxe4 dxe4 28. c4 b4 29. axb4 axb4 30. Qb2 Qf6 31. Ra1 cxd4 32. exd4 Rc5 33. Ra7 Bc8 34. Ra8 Rg5 35. Ng3 e3 36. Rxe3 Rxd4 37. Qe2 Bb7 38. Rb8 Rd7 39. Re8 Qa1+ 40. Kh2 Rd1 41. f3 e6 42. Re7 Bc8 43. Rc7 Ra5 44. Rd3 Re1 45. Qd2 Ba6 46. Rdd7 Rh1+ 47. Nxh1 1-0

[Event "VIE-ch (Women)"]
[Site "Hanoi"]
[Date "2024.03.12"]
[Round "3"]
[White "Pham, Tran Gia Thu"]
[Black "Nguyen, Thanh Thuy Tien"]
[Result "1/2-1/2"]
[WhiteElo "1853"]
[BlackElo "2069"]
[PlyCount "75"]
[EventDate "2024.03.11"]
[EventType "swiss"]
[EventRounds "9"]
[EventCountry "VIE"]
[SourceTitle "CB13_2024"]
[SourceDate "2024.03.27"]
[SourceVersion "1"]
[SourceVersionDate "2024.03.27"]
[SourceQuality "1"]

1. d4 Nf6 2. c4 g6 3. h4 h5 4. Nc3 d5 5. Bg5 dxc4 6. e4 Nc6 7. e5 Ng4 8. Nf3 f6 9. Bxc4 fxg5 10. Qb3 e6 11. Bxe6 Bxe6 12. Qxe6+ Qe7 13. Qxg6+ Qf7 14. Qxf7+ Kxf7 15. Nxg5+ Kg6 16. Rd1 Re8 17. 0-0 Bh6 18. Nge4 Rhf8 19. Nd5 Rf7 20. f4 Rd8 21. Nec3 Kf5 22. Rfe1 Rfd7 23. e6 Rxd5 24. Nxd5 Rxd5 25. e7 Nxe7 26. Rxe7 Bxf4 27. Rf1 Rxd4 28. g3 Kf6 29. Rxc7 Rd1 30. gxf4 Rd2 31. Rxb7 Ne3 32. Rc1 Kf5 33. Rg7 Kxf4 34. b4 Rxa2 35. Rb1 Ng4 36. Rb3 Ra1+ 37. Kg2 Ra2+ 38. Kg1 1/2-1/2

[Event "Budapest Vezerkepzo IM 11"]
[Site "Budapest"]
[Date "2023.11.17"]
[Round "2"]
[White "Nguyen, Thanh Thuy Tien"]
[Black "Neverov, Valeriy"]
[Result "0-1"]
[WhiteElo "2117"]
[BlackElo "2375"]
[PlyCount "132"]
[EventDate "2023.11.16"]
[EventType "tourn"]
[EventRounds "9"]
[EventCountry "HUN"]
[SourceTitle "CB48_2023"]
[SourceDate "2023.11.29"]
[SourceVersion "1"]
[SourceVersionDate "2023.11.29"]
[SourceQuality "1"]

1. c4 Nf6 2. d4 g6 3. g3 Bg7 4. Bg2 d6 5. Nf3 0-0 6. 0-0 Nc6 7. Nc3 a6 8. b3 Rb8 9. d5 Na5 10. Nd4 c5 11. dxc6 bxc6 12. e4 c5 13. Nde2 Nc6 14. h3 Bb7 15. Be3 e5 16. g4 h5 17. g5 Nh7 18. Qd2 Nd4 19. Rad1 Qd7 20. f3 f6 21. h4 fxg5 22. hxg5 Rf7 23. Nd5 Rbf8 24. Nec3 Nxf3+ 25. Bxf3 Rxf3 26. Rxf3 Rxf3 27. Qg2 Rf7 28. Kh2 Qe8 29. Rf1 Bc8 30. Rf2 Bg4 31. Qf1 Rxf2+ 32. Qxf2 Qd8 33. Qd2 Nf8 34. a3 Ne6 35. b4 Nd4 36. Kg3 Nf3 37. Qf2 Nxg5 38. bxc5 Nf3 39. Kg2 dxc5 40. Bxc5 Qg5 41. Be7 Qc1 42. Bf6 h4 43. Bxg7 Kxg7 44. Qa7+ Kh6 45. Qe3+ Qxe3 46. Nxe3 Kg5 47. Nxg4 Kxg4 48. c5 Nd4 49. Nd5 g5 50. Nb4 Kf4 51. c6 Nxc6 52. Nxc6 Kxe4 53. a4 g4 54. a5 Kf4 55. Nb4 h3+ 56. Kh2 Kf3 57. Nd3 e4 58. Ne5+ Kf4 59. Ng6+ Kg5 60. Ne5 Kf5 61. Nc6 e3 62. Kg3 Ke4 63. Nb4 e2 64. Nc2 Kd3 65. Ne1+ Kd2 66. Kf2 g3+ 0-1

[Event "Budapest Vezerkepzo Fall IM"]
[Site "Budapest"]
[Date "2023.11.03"]
[Round "7"]
[White "Nguyen, Thanh Thuy Tien"]
[Black "Kolimar, Kristof Pal"]
[Result "0-1"]
[WhiteElo "2061"]
[BlackElo "2264"]
[PlyCount "104"]
[EventDate "2023.10.30"]
[EventType "tourn"]
[EventRounds "9"]
[EventCountry "HUN"]
[SourceTitle "Mega2024 Update 01"]
[Source "Chessbase"]
[SourceDate "2023.11.12"]
[SourceVersion "1"]
[SourceVersionDate "2023.11.12"]
[SourceQuality "1"]

1. e4 c5 2. Nf3 d6 3. d4 cxd4 4. Nxd4 Nf6 5. Nc3 a6 6. Bg5 Nbd7 7. f4 Qc7 8. Qf3 b5 9. 0-0-0 Bb7 10. Bxf6 Nxf6 11. f5 g6 12. g4 b4 13. Nd5 Nxd5 14. exd5 Bg7 15. g5 Bxd4 16. Rxd4 Qc5 17. Qd3 gxf5 18. Bh3 e5 19. Re1 Kf8 20. Rc4 Qxd5 21. Rxb4 Qxd3 22. cxd3 Bc8 23. d4 e4 24. Rf1 f4 25. Bxc8 Rxc8+ 26. Kd2 f3 27. d5 h6 28. g6 f5 29. Rb7 Rg8 30. Rf7+ Ke8 31. Rf6 Rc5 32. Rxd6 Ke7 33. Re6+ Kd7 34. Ke3 Rxd5 35. Rxa6 Rd6 36. Ra5 Rgxg6 37. Rxf5 Rge6 38. Re1 Rd3+ 39. Kf2 Rd2+ 40. Ke3 Rxb2 41. a4 Rxh2 42. a5 Ra2 43. Rf7+ Kd6 44. Rf5 Ra3+ 45. Kf2 Rd3 46. Rf8 Ke5 47. Rb8 Ra3 48. Rh1 Ra2+ 49. Kg3 Rg6+ 50. Kh4 Rxa5 51. Re1 Kf4 52. Rf8+ Rf5 0-1

[Event "Budapest Vezerkepzo Fall IM"]
[Site "Budapest"]
[Date "2023.11.01"]
[Round "5"]
[White "Nguyen, Thanh Thuy Tien"]
[Black "Anishka, Vikram"]
[Result "1-0"]
[WhiteElo "2061"]
[BlackElo "1712"]
[PlyCount "109"]
[EventDate "2023.10.30"]
[EventType "tourn"]
[EventRounds "9"]
[EventCountry "HUN"]
[SourceTitle "Mega2024 Update 01"]
[Source "Chessbase"]
[SourceDate "2023.11.12"]
[SourceVersion "1"]
[SourceVersionDate "2023.11.12"]
[SourceQuality "1"]

1. e4 c5 2. Nf3 d6 3. d4 cxd4 4. Nxd4 Nf6 5. Nc3 g6 6. Be3 Bg7 7. f3 0-0 8. Qd2 Nc6 9. 0-0-0 d5 10. exd5 Nxd5 11. Nxc6 bxc6 12. Bd4 e5 13. Bc5 Be6 14. Ne4 Re8 15. h4 h6 16. h5 g5 17. g4 Qc7 18. Bc4 Red8 19. Qf2 Qa5 20. Qe1 Qxe1 21. Rhxe1 Nf4 22. Bxe6 Nxe6 23. Be7 Rxd1+ 24. Kxd1 Rb8 25. Kc1 Nd4 26. Nd2 f6 27. Bc5 Ne6 28. Ne4 Nxc5 29. Nxc5 Rd8 30. Re3 Bf8 31. Ne4 Kf7 32. Rb3 Rd7 33. Rb8 Rc7 34. a4 c5 35. a5 Be7 36. Ng3 e4 37. fxe4 Bd6 38. Nf5 Bf4+ 39. Kb1 Rd7 40. Ra8 Rb7 41. Nxh6+ Kg7 42. Nf5+ Kh7 43. Re8 Be5 44. Re7+ Rxe7 45. Nxe7 Bc7 46. a6 Kg7 47. Nc8 Bb8 48. Ka2 c4 49. Ka3 c3 50. bxc3 Kf7 51. Kb4 f5 52. exf5 Ke8 53. h6 Kd7 54. h7 Be5 55. Nxa7 1-0

[Event "Budapest Vezerkepzo Fall IM"]
[Site "Budapest"]
[Date "2023.10.31"]
[Round "2"]
[White "Othman, A Moussa"]
[Black "Nguyen, Thanh Thuy Tien"]
[Result "1/2-1/2"]
[WhiteElo "2226"]
[BlackElo "2061"]
[PlyCount "44"]
[EventDate "2023.10.30"]
[EventType "tourn"]
[EventRounds "9"]
[EventCountry "HUN"]
[SourceTitle "Mega2024 Update 01"]
[Source "Chessbase"]
[SourceDate "2023.11.12"]
[SourceVersion "1"]
[SourceVersionDate "2023.11.12"]
[SourceQuality "1"]

1. d4 d5 2. c4 dxc4 3. e3 e5 4. Bxc4 exd4 5. Nf3 Bb4+ 6. Ke2 Nc6 7. Nxd4 Nxd4+ 8. Qxd4 Qxd4 9. exd4 Bg4+ 10. f3 Bh5 11. Nc3 0-0-0 12. Rd1 Ne7 13. Kf1 Rhe8 14. Bf4 Bxc3 15. bxc3 Nd5 16. Bxd5 Rxd5 17. Re1 f6 18. g4 Bf7 19. Rxe8+ Bxe8 20. Re1 Bf7 21. Re7 Rd7 22. Rxd7 Kxd7 1/2-1/2

[Event "VIE-ch (Women)"]
[Site "Ha Tien"]
[Date "2023.09.14"]
[Round "3"]
[White "Nguyen, Thanh Thuy Tien"]
[Black "Luong, Hoang Tu Linh"]
[Result "1-0"]
[WhiteElo "2034"]
[BlackElo "1894"]
[PlyCount "49"]
[EventDate "2023.09.13"]
[EventType "swiss"]
[EventRounds "9"]
[EventCountry "VIE"]
[SourceTitle "EXT 2024"]
[Source "ChessBase"]
[SourceDate "2023.10.10"]
[SourceVersion "1"]
[SourceVersionDate "2023.10.10"]
[SourceQuality "1"]

1. e4 g6 2. d4 Bg7 3. c4 d6 4. Nc3 Nf6 5. Be2 0-0 6. Bg5 Nc6 7. d5 Nb8 8. g4 e6 9. h4 exd5 10. cxd5 Qe7 11. f3 Nbd7 12. Qd2 Re8 13. 0-0-0 a6 14. h5 b5 15. Rf1 Ne5 16. Rf2 Qd7 17. a3 Rb8 18. Rfh2 b4 19. axb4 Rxb4 20. hxg6 fxg6 21. Bxf6 Bxf6 22. Qh6 Re7 23. g5 Bg7 24. Qxh7+ Kf7 25. Qxg7+ 1-0

[Event "Hanoi IM-B"]
[Site "Hanoi"]
[Date "2023.05.31"]
[Round "3"]
[White "Nguyen, Thanh Thuy Tien"]
[Black "Tran, Dang Minh Quang"]
[Result "1-0"]
[WhiteElo "1902"]
[BlackElo "2185"]
[PlyCount "133"]
[EventDate "2023.05.30"]
[EventType "tourn"]
[EventRounds "9"]
[EventCountry "VIE"]
[SourceTitle "EXT 2024"]
[Source "ChessBase"]
[SourceDate "2023.10.10"]
[SourceVersion "1"]
[SourceVersionDate "2023.10.10"]
[SourceQuality "1"]

1. c4 c6 2. e4 d5 3. exd5 cxd5 4. d4 Nf6 5. Nc3 Nc6 6. Nf3 e6 7. cxd5 Nxd5 8. Bd3 Be7 9. a3 0-0 10. h4 f5 11. Bc4 a6 12. Bg5 Qd6 13. 0-0 h6 14. Nxd5 exd5 15. Bxe7 Nxe7 16. Ba2 f4 17. Re1 Bg4 18. Re5 Rf5 19. Qe1 Bxf3 20. Rxe7 Bh5 21. Rc1 Bf7 22. Rcc7 Rf8 23. Qc3 Qf6 24. Re5 Rxe5 25. dxe5 Qf5 26. Qd4 Re8 27. Bxd5 Bxd5 28. Qxd5+ Kh8 29. Rxb7 Qxe5 30. Qxe5 Rxe5 31. Kf1 g5 32. Rb6 gxh4 33. Rxh6+ Kg7 34. Rxh4 Rf5 35. Ke2 f3+ 36. gxf3 Rc5 37. Rb4 a5 38. Rb6 Kf7 39. Ke3 Re5+ 40. Kd3 Rd5+ 41. Ke4 Rd2 42. Ke3 Rd5 43. f4 Ke7 44. Ke4 Rc5 45. f5 Rc2 46. f6+ Kf7 47. f4 a4 48. Kf5 Rc5+ 49. Kg4 Ra5 50. f5 Ra8 51. Kg5 Rg8+ 52. Kf4 Rg2 53. Ke5 Re2+ 54. Kd5 Rc2 55. Kd4 Rf2 56. Kc4 Rxf5 57. Kb4 Rf4+ 58. Ka5 Re4 59. Rb4 Re2 60. Kxa4 Kxf6 61. Kb3 Ke5 62. Rc4 Kd5 63. Rc2 Re4 64. a4 Kd6 65. a5 Kd7 66. Ka3 Re1 67. Ka4 1-0

[Event "Hanoi IM-B"]
[Site "Hanoi"]
[Date "2023.05.30"]
[Round "2"]
[White "Priyanka, Nutakki"]
[Black "Nguyen, Thanh Thuy Tien"]
[Result "0-1"]
[WhiteElo "2345"]
[BlackElo "1902"]
[PlyCount "56"]
[EventDate "2023.05.30"]
[EventType "tourn"]
[EventRounds "9"]
[EventCountry "VIE"]
[SourceTitle "EXT 2024"]
[Source "ChessBase"]
[SourceDate "2023.10.10"]
[SourceVersion "1"]
[SourceVersionDate "2023.10.10"]
[SourceQuality "1"]

1. d4 d5 2. c4 dxc4 3. Nf3 Nf6 4. Nc3 a6 5. a4 Nc6 6. e3 Na5 7. Ne5 Be6 8. Be2 c6 9. 0-0 g6 10. f4 Bg7 11. g4 Nd5 12. Ne4 Bxe5 13. fxe5 Nb3 14. Rb1 b5 15. Ng5 Qd7 16. Bf3 Nb4 17. Bd2 Nd3 18. Be1 0-0 19. Qe2 Bd5 20. Qg2 Bxf3 21. Rxf3 f6 22. exf6 exf6 23. Ne4 Qe6 24. Rh3 Rae8 25. Nc3 Nxd4 26. axb5 f5 27. exd4 fxg4 28. Rxd3 Qxe1+ 0-1

[Event "Asia zt 3.3 (Women)"]
[Site "Jakarta"]
[Date "2023.05.11"]
[Round "8"]
[White "Nur Abidah, Shanti"]
[Black "Nguyen, Thanh Thuy Tien"]
[Result "0-1"]
[WhiteElo "2053"]
[BlackElo "1902"]
[PlyCount "99"]
[EventDate "2023.05.06"]
[EventType "swiss"]
[EventRounds "9"]
[EventCountry "INA"]
[SourceTitle "CBM 214 Extra"]
[Source "ChessBase"]
[SourceDate "2023.07.31"]
[SourceVersion "1"]
[SourceVersionDate "2023.07.31"]
[SourceQuality "1"]

1. e4 c5 2. Nf3 Nc6 3. d4 cxd4 4. Nxd4 Qb6 5. Nb3 Nf6 6. Nc3 e6 7. Be3 Qc7 8. a3 a6 9. f4 d6 10. Bd3 b5 11. 0-0 Bb7 12. h3 Be7 13. Qf3 0-0 14. Ne2 Rac8 15. g4 d5 16. e5 Ne4 17. Ned4 Nc5 18. Nxc5 Bxc5 19. c3 Qb6 20. Rad1 Kh8 21. Bb1 a5 22. b4 axb4 23. axb4 Nxd4 24. Bxd4 Bxd4+ 25. Rxd4 Rc4 26. Qd3 g6 27. Ba2 Rc7 28. Qe3 Ra8 29. Rf2 Ra3 30. Rc2 Qa7 31. Qd2 Rc8 32. Kf1 Ra8 33. Bb1 Ra1 34. Rc1 Qa3 35. Qc2 Rc8 36. Ke2 Qa7 37. Qd2 Qb6 38. f5 Qc7 39. Qf4 exf5 40. Bxf5 Ra2+ 41. Rc2 Rxc2+ 42. Bxc2 Qxc3 43. Bd3 Qb2+ 44. Kf3 Kg8 45. h4 Qa1 46. h5 Qh1+ 47. Kg3 Rc1 48. Qf6 Qg1+ 49. Kf4 Qh2+ 50. Kf3 0-1

[Event "Asia zt 3.3 (Women)"]
[Site "Jakarta"]
[Date "2023.05.09"]
[Round "5"]
[White "Karenza, Dita"]
[Black "Nguyen, Thanh Thuy Tien"]
[Result "1-0"]
[WhiteElo "2055"]
[BlackElo "1902"]
[PlyCount "53"]
[EventDate "2023.05.06"]
[EventType "swiss"]
[EventRounds "9"]
[EventCountry "INA"]
[SourceTitle "CBM 214 Extra"]
[Source "ChessBase"]
[SourceDate "2023.07.31"]
[SourceVersion "1"]
[SourceVersionDate "2023.07.31"]
[SourceQuality "1"]

1. e4 c5 2. c3 Nf6 3. e5 Nd5 4. d4 cxd4 5. Qxd4 e6 6. Nf3 Nc6 7. Qe4 d6 8. Bb5 Bd7 9. c4 Nc7 10. exd6 Bxd6 11. 0-0 Nxb5 12. cxb5 Ne7 13. Nc3 Qc7 14. Bg5 f6 15. Be3 f5 16. Qa4 f4 17. Bd4 0-0 18. Rac1 Rfc8 19. Ne2 Qb8 20. Qb3 Nd5 21. Rcd1 a6 22. Nc3 Bxb5 23. Nxb5 axb5 24. Ng5 Rc4 25. Qh3 h6 26. Qxe6+ Kh8 27. Qxh6+ 1-0

[Event "VIE-chT"]
[Site "Hanoi"]
[Date "2023.04.19"]
[Round "3"]
[White "Nguyen, Thanh Thuy Tien"]
[Black "Cao, Sang"]
[Result "1/2-1/2"]
[WhiteElo "1906"]
[BlackElo "2376"]
[PlyCount "125"]
[EventDate "2023.04.18"]
[EventType "swiss"]
[EventRounds "9"]
[EventCountry "VIE"]
[SourceTitle "EXT 2024"]
[Source "ChessBase"]
[SourceDate "2023.10.10"]
[SourceVersion "1"]
[SourceVersionDate "2023.10.10"]
[SourceQuality "1"]

1. Nf3 Nf6 2. c4 e6 3. g3 b6 4. Bg2 Bb7 5. 0-0 Be7 6. Nc3 0-0 7. Re1 c5 8. e4 d6 9. d4 cxd4 10. Nxd4 Qc8 11. b3 Nbd7 12. Ndb5 Rd8 13. Bf4 Ne8 14. Qd2 a6 15. Nd4 Qc7 16. Rac1 Rac8 17. Be3 Qb8 18. f4 Qa8 19. f5 e5 20. Nde2 Nef6 21. Nd5 Bxd5 22. cxd5 Ng4 23. Rxc8 Rxc8 24. Rc1 Nxe3 25. Qxe3 b5 26. Rxc8+ Qxc8 27. Qc3 Qc5+ 28. Qxc5 Nxc5 29. Kf2 Bg5 30. Nc3 b4 31. Na4 Nd3+ 32. Ke2 Nc1+ 33. Kd1 Nxa2 34. Bf1 a5 35. Kc2 Be3 36. Kb2 Nc3 37. Nxc3 Bd4 38. Kc2 bxc3 39. Be2 Kf8 40. Kd3 Ke7 41. Bd1 g6 42. fxg6 hxg6 43. g4 Kf6 44. h4 Bf2 45. h5 gxh5 46. gxh5 Be1 47. h6 Kg6 48. Bh5+ Kxh6 49. Bxf7 Kg5 50. Be6 Kf6 51. Bg4 Kg5 52. Bf5 Kf4 53. Bg6 Bd2 54. Bf5 Be1 55. Bg6 Kg4 56. Bf5+ Kg5 57. Bh7 Kf6 58. Bf5 Ke7 59. Bg4 Kd8 60. Bd1 Ke7 61. Bg4 Bd2 62. Bd1 Kf6 63. Bg4 1/2-1/2

[Event "VIE-ch (Women)"]
[Site "Vung Tau"]
[Date "2023.03.05"]
[Round "5"]
[White "Le, Kieu Thien Kim"]
[Black "Nguyen, Thanh Thuy Tien"]
[Result "1-0"]
[WhiteElo "2152"]
[BlackElo "1915"]
[PlyCount "99"]
[EventDate "2023.03.03"]
[EventType "swiss"]
[EventRounds "9"]
[EventCountry "VIE"]
[SourceTitle "EXT 2024"]
[Source "ChessBase"]
[SourceDate "2023.10.10"]
[SourceVersion "1"]
[SourceVersionDate "2023.10.10"]
[SourceQuality "1"]

1. e4 c5 2. c3 Nf6 3. Bd3 e5 4. Nf3 Nc6 5. 0-0 d5 6. Bb5 dxe4 7. Nxe5 Qc7 8. d4 Bd6 9. Bg5 Bf5 10. Nd2 Nd7 11. Nxd7 Bxd7 12. Nxe4 Bxh2+ 13. Kh1 cxd4 14. g3 Qe5 15. Kxh2 Kf8 16. Bd3 h5 17. Bf4 Qd5 18. c4 Qa5 19. Bd6+ Kg8 20. c5 Re8 21. Qd2 Qd8 22. Qg5 f6 23. Bc4+ Be6 24. Bxe6+ Rxe6 25. Qf5 Qe8 26. Rae1 Ne5 27. Kg2 h4 28. g4 h3+ 29. Kg3 Rh6 30. Ng5 fxg5 31. Rxe5 Qc6 32. Qf8+ Kh7 33. Qf3 Qb5 34. Rxe6 Rxe6 35. Qf5+ Kh8 36. Rh1 Rh6 37. Qf8+ Kh7 38. Be5 Qd3+ 39. f3 Qg6 40. Qf5 d3 41. Bc3 Rh4 42. Rxh3 Qxf5 43. gxf5 Rxh3+ 44. Kxh3 Kh6 45. Kg3 Kh5 46. b4 a6 47. a4 Kh6 48. b5 axb5 49. axb5 g6 50. fxg6 1-0